| 000 | 01250cam a22003617a 4500 | ||
|---|---|---|---|
| 003 | CHAP | ||
| 005 | 20220329134108.0 | ||
| 008 | 971013s1977 enk r 00010 eng d | ||
| 010 | _a15285 | ||
| 011 | _a16257 | ||
| 035 | _a20336 | ||
| 040 | _cCHAP | ||
| 082 | 0 | 4 |
_a583.55 _bH4 |
| 100 | 0 | 0 |
_aHeywood, V. H. _eed. _955127 |
| 245 | 1 | 4 | _aThe biology and chemistry of the Compositae |
| 260 |
_aLondon : _bAcademic Press, _c1977 |
||
| 300 | _a2 v. | ||
| 590 |
_aBATCH-UPD _b10 _c20130110 _lUCH01 _h0050 |
||
| 590 |
_aBATCH-UPD _b10 _c20130110 _lUCH01 _h1939 |
||
| 590 |
_aBATCH-UPD _b10 _c20130410 _lUCH01 _h1302 |
||
| 590 |
_aBATCH-UPD _b10 _c20130914 _lUCH01 _h1417 |
||
| 590 |
_aCONVERSION _b10 _c20130109 _lUCH01 _h1310 |
||
| 650 | 1 | 4 |
_aCompuestas _926116 |
| 650 | 1 | 4 |
_aFlores _xFisiologĂa y morfologĂa. _941379 |
| 700 | 0 |
_aHarborne, Jeffrey Barry. _952623 |
|
| 700 | 0 |
_aLinnean Society of London. _966993 |
|
| 700 | 0 |
_aTurner, B. L. _9115643 |
|
| 710 | 0 |
_aInternational Symposium on the Biology and Chemistry of the Compositae (1975 : Reading) _960024 |
|
| 901 | _aBK | ||
| 942 | _cLIBRO | ||
| 949 |
_a583.55 H4 _bBC _cLIBRO _d33724000456166 _eLIBRO _fv.2 _h48738 _i20336 _si |
||
| 949 |
_a583.55 H4 _bBC _cLIBRO _d33724000456174 _eLIBRO _fv.1 _h33193 _i20336 _si |
||
| 999 |
_c15285 _d15285 |
||